[Event "2015 NA Class D Ch Finals, S50469"]
[Site "CCLA"]
[Date "2016.02.18"]
[Round "?"]
[White "Gunning, Edward E."]
[Black "Acebo, Brian"]
[Result "1-0"]
[WhiteElo "1403"]
[BlackElo "1360"]

1. e4 c5 2. Bc4 Nc6 3. Nf3 e6 4. b3 d6 5. Bb2 Be7 6. Bxg7 Bf6 7. Bxh8 Bxa1
8. Bxa1 e5 9. Bb5 Bd7 10. Nc3 Qc7 11. Nd5 Qa5 12. a4 O-O-O 13. Ng5 Re8 14.
 Nxf7 Re6 15. O-O Nh6 16. Ng5 Rg6 17. Qf3 Qd8 18. Nxh7 a6 19. Bxc6 bxc6 
20. Ndf6 Ng8 21. Nxd7 Qxd7 22. Nf8 1-0

[Event "2015 Server Team Champ - Div 4, S54999"]
[Site "CCLA"]
[Date "2015.10.28"]
[Round "?"]
[White "Smith, Jason A."]
[Black "Rodman, Joseph"]
[Result "0-1"]
[WhiteElo "1738"]
[BlackElo "1720"]
[Board "1"]
[WhiteTeam "Pennsylvania Pawn Pushers"]
[BlackTeam "Pawntastics"]

1. e4 c5 2. Nc3 Nc6 3. Nf3 d6 4. Bb5 a6 5. Bxc6+ bxc6 6. O-O e5 7. d3 Nf6 
8. Bg5 Be7 9. h3 Be6 10. Nh2 h6 11. Bxf6 Bxf6 12. Ng4 Bg5 13. g3 h5 14. f4
hxg4 15. fxg5 Rxh3 16. Kg2 Qxg5 17. Qe2 Ke7 18. Rh1 Rah8 19. Rxh3 Rxh3 20.
 Rf1 Qh6 21. Qe1 Rh2+ 22. Kg1 Qh3 23. Qe2 Qxg3+ 24. Qg2 Qxg2# 0-1

[Event "2015 REGULAR QUAD, S50219"]
[Site "CCLA"]
[Date "2015.05.11"]
[Round "?"]
[White "Selby, Robin"]
[Black "Klimushyn, Charles"]
[Result "1-0"]
[WhiteElo "1190"]
[BlackElo "1156"]

1. e4 c5 2. Nf3 g6 3. Nc3 Nc6 4. b3 Bg7 5. Bb2 Nf6 6. Be2 d6 7. O-O O-O 8.
 h3 a6 9. Re1 b5 10. d4 e5 11. dxe5 dxe5 12. Qxd8 Rxd8 13. Rad1 Bb7 14. a3
Nd4 15. Rd3 Nxc2 16. Red1 Rxd3 17. Bxd3 Nd4 18. Nxd4 cxd4 19. Ne2 Nxe4 20.
 f3 Nc5 21. Bc2 Rc8 22. g4 Bxf3 23. Re1 1-0

[Event "2015 NA Class C Ch - Rd 1 Sect 2, S50101"]
[Site "CCLA"]
[Date "2015.04.27"]
[Round "?"]
[White "Haase, F. Philip"]
[Black "Perry, William E."]
[Result "1-0"]
[WhiteElo "1773"]
[BlackElo "1442"]

1. e4 c5 2. Nf3 Nc6 3. Bb5 Nf6 4. Nc3 g6 5. e5 Ng4 6. Bxc6 dxc6 7. h3 Nh6 
8. Ne4 b6 9. O-O Bg7 10. Re1 Nf5 11. a4 a5 12. c3 O-O 13. g4 Nh6 14. d4 
cxd4 15. Nxd4 Bxe5 16. Bxh6 Re8 17. Nxc6 Qc7 18. Nxe5 Qxe5 19. Nd6 1-0

[Event "2015 REGULAR QUAD, S50199"]
[Site "CCLA"]
[Date "2015.05.01"]
[Round "?"]
[White "Mann, Wallace"]
[Black "Cangelosi, Dominic"]
[Result "1-0"]
[WhiteElo "1532"]
[BlackElo "1419"]

1. e4 c5 2. Nf3 Nc6 3. Bb5 Nf6 4. Nc3 Qc7 5. O-O e6 6. Re1 a6 7. Bxc6 Qxc6
8. d4 d5 9. Ne5 Qd6 10. Nxf7 Kxf7 11. e5 Qe7 12. Bg5 cxd4 13. exf6 gxf6 
14. Nxd5 Qd8 15. Qh5+ 1-0

[Event "Summer Series, S50291"]
[Site "CCLA"]
[Date "2015.07.25"]
[Round "?"]
[White "Abbey, William"]
[Black "Vaughan, James"]
[Result "1-0"]
[WhiteElo "1957"]
[BlackElo "2259"]

1. e4 c5 2. Nc3 Nc6 3. Nf3 e6 4. Bb5 Nd4 5. O-O a6 6. Bd3 Nxf3+ 7. Qxf3 
Ne7 8. Qg3 Nc6 9. b3 h5 10. Bb2 h4 11. Qe3 h3 12. g3 d6 13. f4 Bd7 14. Ne2
Nb4 15. c4 Nxd3 16. Qxd3 b5 17. Qc2 Qc8 18. f5 e5 19. Nc3 Be7 20. d3 Qd8 
21. a4 bxa4 22. Nxa4 Bc6 23. Bc1 a5 24. Nc3 Bg5 25. Bd2 Bxd2 26. Qxd2 f6 
27. Ra3 Qb6 28. Rfa1 Qb4 29. Nb1 Qb6 30. Kf2 Kd7 31. Rxa5 Qxb3 32. Ra7+ 
Bb7 33. Nc3 Rxa7 34. Rxa7 Ra8 35. Qa2 Qxa2+ 36. Rxa2 Rd8 37. g4 Kc7 38. 
Kg3 Rh8 39. Nd1 Kc6 40. Nf2 Rc8 41. Kxh3 Rh8+ 42. Kg3 Rb8 43. h4 Bc8 44. 
g5 fxg5 45. hxg5 Rb1 46. Kh4 Rg1 47. Kh5 Rg3 48. Kg6 Rg2 49. Rb2 Rg3 50. 
Rb1 Bd7 51. Rh1 Be8+ 52. Kxg7 Rxg5+ 53. Kf6 Rg8 54. Nd1 Kb6 55. Nc3 Ka5 
56. Ke7 Bg6 57. Kxd6 Bf7 58. Nd5 1-0

[Event "2015 Server Team Ch - Div 2"]
[Site "CCLA"]
[Date "2015.10.30"]
[Round "?"]
[White "Evans, Stanley W."]
[Black "Sitorus, Yosua"]
[Result "0-1"]
[WhiteElo "1717"]
[BlackElo "1802"]
[Board "6"]
[WhiteTeam "Queen & Knights"]
[BlackTeam "SchemingMind C"]

1. e4 c5 2. Nf3 Nc6 3. Bb5 g6 4. Bxc6 bxc6 5. O-O Bg7 6. Re1 Nh6 7. c3 O-O
8. h3 f5 9. e5 Nf7 10. d4 cxd4 11. cxd4 Bb7 12. Nc3 c5 13. d5 e6 14. Bf4 
h6 15. Bg3 g5 16. Bh2 Qb6 17. Qd2 Rac8 18. Rad1 Rfe8 19. Qd3 c4 20. Qc2 f4
21. Re2 exd5 22. Nxd5 Qe6 23. Nf6+ Bxf6 24. exf6 Qxf6 25. Rxd7 Bxf3 26. 
Rxe8+ Rxe8 27. gxf3 Ne5 28. Qe4 Qg6 29. Rxa7 Qxe4 30. fxe4 Rb8 31. b3 Nf3+
32. Kg2 Nh4+ 33. Kf1 cxb3 34. axb3 Rxb3 35. e5 Rxh3 36. e6 Kf8 37. Rf7+ 
Ke8 38. Bxf4 gxf4 39. Rxf4 Ke7 40. Re4 Rh1+ 41. Ke2 h5 42. Ra4 Kxe6 0-1

[Event "2015 Server Team Ch - Div 2"]
[Site "CCLA"]
[Date "2015.10.30"]
[Round "?"]
[White "Graupera, Carlos"]
[Black "Sitorus, Yosua"]
[Result "0-1"]
[WhiteElo "1477"]
[BlackElo "1802"]
[Board "6"]
[WhiteTeam "Big Red Fuzzy"]
[BlackTeam "SchemingMind C"]

1. e4 c5 2. Nf3 Nc6 3. Bb5 g6 4. O-O Bg7 5. c3 Nf6 6. d3 O-O 7. Re1 Qb6 8.
 Ba4 Rd8 9. Qe2 Qa6 10. Bc2 d5 11. e5 Ne8 12. Bf4 Qb6 13. b3 Nc7 14. Nbd2 
Qa5 15. Nb1 Bg4 16. c4 Bxf3 17. gxf3 Nd4 0-1

[Event "2015 Server Team Ch - Div 2"]
[Site "CCLA"]
[Date "2015.10.30"]
[Round "?"]
[White "Bedard, Eugene"]
[Black "Thomas, Gerald K."]
[Result "1-0"]
[WhiteElo "1651"]
[BlackElo "1974"]
[Board "2"]
[WhiteTeam "SchemingMind C"]
[BlackTeam "Big Red Fuzzy"]

1. e4 c5 2. Nf3 d6 3. d4 cxd4 4. Nxd4 Nc6 5. c4 e5 6. Nxc6 bxc6 7. Be2 Be7
8. Nc3 Nf6 9. Be3 Be6 10. Qa4 Qd7 11. O-O O-O 12. Rfd1 Qb7 13. b4 a6 14. 
Rab1 Ng4 15. Bxg4 Bxg4 16. f3 Bd7 17. Qb3 Rab8 18. c5 Be6 19. Qa4 Rfd8 20.
 cxd6 Bxd6 21. Bc5 Bxc5+ 22. bxc5 Rxd1+ 23. Qxd1 Qc7 24. Rxb8+ Qxb8 25. a3
h6 26. Qc2 Qd8 27. Ne2 Qa5 28. Qc3 Qb5 29. Nc1 f6 30. Nd3 a5 31. Kf2 Bc8 
32. Ke2 Ba6 33. Qc2 Qb7 34. Ke3 Qd7 35. Qc3 Bxd3 36. Qxd3 Qc7 37. Qa6 g5 
38. Ke2 Kg7 39. Qb6 Qc8 40. Qxa5 Qb7 41. Qb6 Qa8 42. Qb4 Qa6+ 43. Kf2 Kf7 
44. a4 Ke7 45. a5 Kd7 46. Ke3 Kc7 47. Qb6+ Qxb6 48. cxb6+ Kb7 49. Kd3 h5 
50. Kc4 1-0

[Event "2015 Server Team Ch - Div 1, S51999"]
[Site "CCLA"]
[Date "2015.10.30"]
[Round "?"]
[White "Elburg, John"]
[Black "Kjeldsen, Karsten"]
[Result "1/2-1/2"]
[WhiteElo "2300"]
[BlackElo "2122"]
[Board "4"]
[WhiteTeam "SchemingMind A"]
[BlackTeam "SchemingMind B"]

1. e4 c5 2. Nf3 Nc6 3. d4 cxd4 4. Nxd4 e5 5. Nb5 d6 6. N1c3 a6 7. Na3 Be6 
8. Nc4 Be7 9. a4 Nf6 10. Bg5 Nb4 11. Bxf6 Bxf6 12. Nd5 Nxd5 13. exd5 Bf5 
14. c3 O-O 15. Bd3 e4 16. Be2 Rc8 17. Qb3 Qe7 18. O-O Rc5 19. Ne3 Bg6 20. 
Rad1 Bg5 21. Nc2 Rfc8 22. g3 h6 1/2-1/2

[Event "2015 REGULAR QUAD, S50459"]
[Site "CCLA"]
[Date "2015.12.20"]
[Round "?"]
[White "Rodriguez, Armando"]
[Black "Perry, William E."]
[Result "0-1"]
[WhiteElo "1298"]
[BlackElo "1440"]

1. e4 c5 2. Nf3 Nc6 3. d4 cxd4 4. Nxd4 Nf6 5. Nxc6 bxc6 6. Nc3 e5 7. Bc4 
Bb4 8. O-O O-O 9. Bd2 d6 10. a3 Ba5 11. Re1 Bg4 12. f3 Be6 13. Bg5 Bxc4 
14. Bd2 Qb6+ 0-1

[Event "2015 REGULAR QUAD, S50459"]
[Site "CCLA"]
[Date "2015.12.20"]
[Round "?"]
[White "Williams, Rufus H."]
[Black "Perry, William E."]
[Result "0-1"]
[WhiteElo "1309"]
[BlackElo "1440"]

1. e4 c5 2. Nf3 Nc6 3. d4 cxd4 4. Nxd4 Nf6 5. Nc3 e5 6. Nf5 d5 7. Nxd5 
Nxe4 8. Bc4 Bxf5 9. O-O Nd6 10. b3 Nxc4 11. bxc4 Bc5 12. Re1 O-O 13. c3 
Qh4 14. Rf1 Qxc4 15. Bb2 Rad8 16. Re1 Rxd5 17. Qe2 Qxe2 18. Rxe2 Rfd8 19. 
h3 Rd1+ 20. Rxd1 Rxd1+ 21. Kh2 Rf1 22. Kg3 Bxf2+ 23. Rxf2 Rxf2 24. Kxf2 e4
25. Ke3 Bg6 26. a3 f5 27. Kf4 Kf7 28. Bc1 Ke6 29. Be3 b6 30. h4 h6 31. Bf2
Kd5 32. g4 fxg4 33. Kxg4 Ne5+ 34. Kf4 Nd3+ 35. Ke3 Nxf2 36. Kxf2 Kc4 37. 
Ke3 Kxc3 38. h5 Bxh5 39. Kxe4 Kb3 40. Kd4 g5 0-1

[Event "2015 NA Class A Ch Finals, S50179"]
[Site "CCLA"]
[Date "2015.04.27"]
[Round "?"]
[White "Vecchio, Ralph"]
[Black "Ramsden, Jim E."]
[Result "1/2-1/2"]
[WhiteElo "1849"]
[BlackElo "1819"]

1. e4 c5 2. Nf3 Nc6 3. d4 cxd4 4. Nxd4 Nf6 5. Nc3 e5 6. Nf5 d5 7. exd5 
Bxf5 8. dxc6 bxc6 9. Bd3 e4 10. Qe2 Bb4 11. O-O Bxc3 12. bxc3 O-O 13. Bc4 
Qd6 14. Rd1 Qc7 15. Ba3 Rfd8 16. h3 Rxd1+ 17. Rxd1 Rd8 18. Rxd8+ Qxd8 19. 
Qe3 Qb6 20. Bc5 Qb1+ 21. Kh2 a5 22. Qd2 Qb8+ 23. Bd6 Qd8 24. Qf4 Nd5 25. 
Qg3 Qf6 26. Be5 Qg6 27. Qxg6 Bxg6 28. Bxd5 cxd5 29. g4 a4 30. a3 f6 
1/2-1/2

[Event "2015 NA Class A Ch Finals, S50179"]
[Site "CCLA"]
[Date "2015.04.27"]
[Round "?"]
[White "Clancey, James"]
[Black "Ramsden, Jim E."]
[Result "1-0"]
[WhiteElo "2019"]
[BlackElo "1819"]

1. e4 c5 2. Nf3 Nc6 3. d4 cxd4 4. Nxd4 Nf6 5. Nc3 e5 6. Ndb5 d6 7. Bg5 a6 
8. Na3 b5 9. Nd5 Be7 10. Bxf6 Bxf6 11. c3 Bg5 12. Nc2 Ne7 13. h4 Bh6 14. 
a4 bxa4 15. Ncb4 O-O 16. Qxa4 a5 17. Bb5 Nxd5 18. Nxd5 Be6 19. Rd1 f5 20. 
exf5 Bxf5 21. g4 Bg6 22. g5 Bxg5 23. hxg5 Qxg5 24. Qh4 Qxh4 25. Rxh4 Kh8 
26. Ne7 Rf6 27. Nxg6+ Rxg6 28. Ra4 Rg1+ 29. Ke2 Rxd1 30. Kxd1 Kg8 31. b4 
g5 32. Bc6 Rf8 33. Ke2 axb4 34. cxb4 h5 35. Ra8 h4 36. b5 1-0

[Event "2015 Server Team Ch - Div 1, S51999"]
[Site "CCLA"]
[Date "2015.10.30"]
[Round "?"]
[White "Sherwood, Russell"]
[Black "Sutton, Alan B."]
[Result "1-0"]
[WhiteElo "2310"]
[BlackElo "2283"]
[Board "1"]
[WhiteTeam "BCCA Rooks"]
[BlackTeam "BCCA Kings"]

1. e4 c5 2. Nf3 Nc6 3. d4 cxd4 4. Nxd4 Nf6 5. Nc3 e5 6. Ndb5 d6 7. Bg5 a6 
8. Na3 b5 9. Nd5 Be7 10. Bxf6 Bxf6 11. c3 O-O 12. Nc2 Bg5 13. a4 bxa4 14. 
Rxa4 a5 15. Bc4 Rb8 16. b3 Kh8 17. Nce3 g6 18. O-O f5 19. Qf3 f4 20. Nc2 
Be6 21. Rfa1 Qd7 22. b4 Bd8 23. Qd3 axb4 24. Ncxb4 f3 25. g3 Nxb4 26. Rxb4
Rc8 27. Ba6 Ra8 28. Nb6 Bxb6 29. Rxb6 Qc7 30. Rab1 Rf6 31. Qe3 Bc8 32. 
Bxc8 Qxc8 33. Qh6 Qf8 34. Qg5 h6 35. Qd2 g5 36. Qd5 g4 37. c4 Rc8 38. Rc6 
Rxc6 39. Qxc6 Kh7 40. h3 gxh3 41. Kh2 h5 42. Rb7+ Kg6 43. Qc7 Qg8 44. c5 
dxc5 45. Qxe5 Qf8 46. Rc7 Kh6 47. Rxc5 Qf7 48. Qg5+ Kh7 49. Qh4 Rh6 50. 
Qd8 1-0

[Event "2015 NA Class C Ch - Rd 1 Sect 2, S50101"]
[Site "CCLA"]
[Date "2015.04.27"]
[Round "?"]
[White "Godinez, Doug"]
[Black "Perry, William E."]
[Result "0-1"]
[WhiteElo "1392"]
[BlackElo "1442"]

1. e4 c5 2. Nf3 Nc6 3. d4 cxd4 4. Nxd4 Nf6 5. Nc3 e5 6. Ndb5 d6 7. Bg5 a6 
8. Na3 b5 9. Nd5 Be7 10. Bxf6 Bxf6 11. c3 O-O 12. Nc2 Bg5 13. a4 bxa4 14. 
Rxa4 a5 15. Bc4 Rb8 16. b3 Kh8 17. O-O f5 18. exf5 Bxf5 19. Nce3 Bg6 20. 
Kh1 e4 21. g3 Ne5 22. Qa1 Nxc4 23. Rxc4 Rxb3 24. Qa2 Rb5 25. Qa1 Rf7 26. 
Kg2 Rf3 27. Rc7 Bxe3 28. c4 Qxc7 29. Nxc7 Rbf5 30. Qb1 Rxf2+ 31. Rxf2 
Rxf2+ 32. Kh1 h6 33. Qb8+ Kh7 34. Ne6 Bc5 35. Qc7 Rf7 36. Qxa5 e3 37. Nf4 
e2 38. Qe1 Be4+ 0-1

[Event "2015 Server Team Ch - Div 1, S51999"]
[Site "CCLA"]
[Date "2015.10.30"]
[Round "?"]
[White "Elburg, John"]
[Black "Richardt, Mike"]
[Result "1-0"]
[WhiteElo "2300"]
[BlackElo "2216"]
[Board "4"]
[WhiteTeam "SchemingMind A"]
[BlackTeam "BCCA Kings"]

1. e4 c5 2. Nf3 Nc6 3. d4 cxd4 4. Nxd4 Nf6 5. Nc3 e5 6. Ndb5 d6 7. Bg5 a6 
8. Na3 b5 9. Nd5 Be7 10. Bxf6 Bxf6 11. c3 Bg5 12. Nc2 O-O 13. a4 bxa4 14. 
Rxa4 a5 15. Bc4 Rb8 16. b3 Kh8 17. Nce3 g6 18. h4 Bxh4 19. g3 Bg5 20. f4 
exf4 21. gxf4 Bh4+ 22. Kf1 f5 23. Ra2 1-0

[Event "Premier Quad, S50439"]
[Site "CCLA"]
[Date "2015.11.11"]
[Round "?"]
[White "Vecchio, Ralph"]
[Black "Ramsden, Jim E."]
[Result "1-0"]
[WhiteElo "1845"]
[BlackElo "1789"]

1. e4 c5 2. Nf3 Nc6 3. d4 cxd4 4. Nxd4 Nf6 5. Nc3 e5 6. Ndb5 d6 7. Bg5 a6 
8. Bxf6 gxf6 9. Na3 b5 10. Nd5 f5 11. Bxb5 axb5 12. Nxb5 Ra4 13. Ndc7+ Kd7
14. O-O Ba6 15. exf5 Nd4 16. c3 Nf3+ 17. Qxf3 Rf4 18. Qd5 Bxb5 19. Nxb5 
Ke8 20. Rad1 1-0

[Event "2015 NA Class D Ch - Rd 1 Sect 1, S50111"]
[Site "CCLA"]
[Date "2015.04.27"]
[Round "?"]
[White "Williams, Rufus H."]
[Black "Acebo, Brian"]
[Result "0-1"]
[WhiteElo "1309"]
[BlackElo "1377"]

1. e4 c5 2. Nf3 Nc6 3. d4 cxd4 4. Nxd4 Nf6 5. Nc3 g6 6. Bc4 Bg7 7. O-O O-O
8. Bg5 d6 9. h3 a6 10. a3 Na5 11. Bd3 Qb6 12. Rb1 Qxd4 13. Be2 Qc5 14. Nd5
Nxd5 15. exd5 b5 16. Bxe7 Re8 17. Bg5 Bb7 18. Bf3 Rac8 19. h4 Qxc2 20. 
Qxc2 Rxc2 21. b4 Nc4 22. Rbe1 Rxe1 23. Rxe1 Nxa3 24. Re8+ Bf8 25. Bh6 Rc8 
26. Rxf8+ Rxf8 27. Bxf8 Kxf8 28. Be4 Ke7 29. Kf1 Nc4 30. Ke1 Nb6 31. Kd2 
Bxd5 32. Bxd5 Nxd5 33. g3 Nxb4 34. Kc3 Nc6 35. g4 Ke6 0-1

[Event "2015 NA Server Ch (CCLA Rules), S50169"]
[Site "CCLA"]
[Date "2015.04.27"]
[Round "?"]
[White "Sereni, Vincent T."]
[Black "Shnaiderman, Lazar"]
[Result "0-1"]
[WhiteElo "2123"]
[BlackElo "2043"]

1. e4 c5 2. Nf3 g6 3. Nc3 Bg7 4. d4 cxd4 5. Nxd4 Nc6 6. Be3 Nf6 7. Nxc6 
bxc6 8. e5 Ng8 9. f4 Nh6 10. h3 Rb8 11. Rb1 Qc7 12. g4 f6 13. exf6 Bxf6 
14. Qd2 O-O 15. Bd3 d5 16. Bc5 Bh4+ 17. Kd1 Nf7 18. Rf1 Bf6 19. Kc1 Rd8 
20. Qf2 e5 21. Bxa7 Rb7 22. Be3 d4 23. Ne4 dxe3 24. Nxf6+ Kg7 25. Qh4 Qa5 
26. Ne4 Rd4 27. Qf6+ Kg8 28. Nc3 Qc5 29. Rf3 Rd6 30. Qh4 exf4 31. Rxf4 Ne5
32. Be2 Rd2 33. Qe1 Rb4 34. Rxb4 Qxb4 35. a4 h5 36. Bd1 Qd4 37. Ra1 hxg4 
38. hxg4 Bxg4 39. Bxg4 Nxg4 40. Qg3 e2 41. Kb1 Rd1+ 42. Ka2 e1=Q 43. Qb8+ 
Kg7 44. Qc7+ Kh6 45. Rxd1 Qe6+ 46. Kb1 Qf2 47. Rh1+ Kg5 48. Qd8+ Nf6 49. 
Rd1 Qg4 50. a5 Qgf5 51. Rd2 Qg1+ 52. Nd1 Qff1 53. Rd6 Kh5 54. Qh8+ Kg4 55.
 a6 Kg5 56. Qd8 Qc5 57. Rd3 Qa7 58. Qc8 Qg2 59. Qb7 Qc5 60. Ne3 Qh1+ 61. 
Ka2 Qh7 62. Rc3 Qce7 63. Qxc6 Qhf7+ 64. Kb1 Qe4 65. Qc5+ Kh6 66. Rd3 Kg7 
67. b4 Kh7 68. b5 Qee6 69. Ra3 Nd7 70. Qb4 Nb6 71. Qb3 Qxb3+ 72. Rxb3 g5 
73. Ka2 Qf4 74. Kb2 g4 75. c4 Nxc4+ 76. Nxc4 Qxc4 77. b6 Qxa6 78. b7 Qf6+ 
79. Kb1 Qf5+ 80. Ka2 Qf2+ 81. Kb1 Qg1+ 82. Kc2 Qh2+ 83. Kd3 Qb8 84. Ke4 g3
85. Kf3 Qf8+ 86. Kg2 Qf2+ 87. Kh3 Qh2+ 88. Kg4 g2 89. Rh3+ Kg6 90. Rxh2 
g1=Q+ 91. Kh3 Qe3+ 92. Kg4 Qe4+ 93. Kg3 Qxb7 94. Rd2 Qe4 0-1

[Event "2015 Server Team Ch - Div 1, S51999"]
[Site "CCLA"]
[Date "2015.10.30"]
[Round "?"]
[White "Kjeldsen, Karsten"]
[Black "Ryan, Patrick J."]
[Result "1/2-1/2"]
[WhiteElo "2122"]
[BlackElo "2188"]
[Board "4"]
[WhiteTeam "SchemingMind B"]
[BlackTeam "Paul Morphy's Hair"]

1. e4 c5 2. Nf3 Nc6 3. Nc3 g6 4. d4 cxd4 5. Nxd4 Bg7 6. Be3 Nf6 7. Nxc6 
bxc6 8. e5 Ng8 9. f4 Nh6 10. Qf3 d5 11. exd6 Qxd6 12. Nb5 Qd7 13. Bd4 Bxd4
14. Nxd4 O-O 15. O-O-O Qc7 16. Qxc6 Qxf4+ 17. Rd2 Rb8 18. Qf3 Qc7 19. c3 
e5 20. Nb5 Qa5 21. b4 Qa4 22. Qd1 Qa6 23. a4 Be6 24. Nd6 Qb6 25. Bc4 Qc7 
26. Qb3 Bxc4 27. Nxc4 Rbc8 28. Nd6 Qxc3+ 29. Qxc3 Rxc3+ 30. Kb2 Rc7 31. 
Rhd1 1/2-1/2

[Event "2015 REGULAR QUAD, S50149"]
[Site "CCLA"]
[Date "2015.04.10"]
[Round "?"]
[White "Godinez, Doug"]
[Black "Klimushyn, Charles"]
[Result "1-0"]
[WhiteElo "1392"]
[BlackElo "1156"]

1. e4 c5 2. Nf3 g6 3. d4 cxd4 4. Nxd4 Nc6 5. Nc3 Bg7 6. Be3 Nf6 7. Bc4 O-O
8. Bb3 a5 9. O-O d6 10. Ncb5 b6 11. a4 Ba6 12. Nxc6 Qd7 13. Ncd4 Rad8 14. 
Qd2 Nxe4 15. Qd3 Nc5 16. Qc3 Rc8 17. f3 Nxa4 18. Qd2 Nc5 19. Bc4 d5 20. 
Be2 e5 21. Nb3 Nxb3 22. cxb3 Bxb5 23. Bxb6 Bxe2 24. Qxe2 Rb8 25. Bxa5 Rxb3
26. Rfc1 Rfb8 27. Rc2 d4 28. Qe4 Qb5 29. Ra2 Ra8 30. Qxa8+ Bf8 31. Rc8 Qd3
32. Rxf8+ Kg7 33. Rg8+ Kh6 34. Qf8+ Kg5 35. Bd8+ Kh5 36. g4# 1-0

[Event "2015 NA Server Ch (CCLA Rules), S50169"]
[Site "CCLA"]
[Date "2015.04.27"]
[Round "?"]
[White "Young III, William C."]
[Black "Shnaiderman, Lazar"]
[Result "1/2-1/2"]
[WhiteElo "2075"]
[BlackElo "2043"]

1. e4 c5 2. Nf3 g6 3. d4 cxd4 4. Nxd4 Nc6 5. c4 Nf6 6. Nc3 d6 7. Be2 Nxd4 
8. Qxd4 Bg7 9. Be3 O-O 10. Qd2 Be6 11. Rc1 Qa5 12. f3 Rfc8 13. b3 a6 14. 
Na4 Qxd2+ 15. Kxd2 Nd7 16. g4 f5 17. exf5 gxf5 18. h3 Rf8 19. f4 Nf6 20. 
Rhg1 Rad8 21. Bd3 fxg4 22. f5 Bf7 23. hxg4 d5 24. Bb6 Rd7 25. g5 dxc4 26. 
bxc4 Nh5 27. Rg4 Be5 28. Nc5 Rd6 29. Rb1 Nf4 30. Ke3 Rc8 31. Rxf4 Bxf4+ 
32. Kxf4 Rcc6 33. Ba7 b6 34. Ke3 Rxc5 35. Bxb6 Rxd3+ 36. Kxd3 Bxc4+ 37. 
Kd4 Bxa2 38. Ra1 Rd5+ 39. Ke4 Rb5 1/2-1/2

[Event "PREMIER QUAD, S50209"]
[Site "CCLA"]
[Date "2015.05.01"]
[Round "?"]
[White "Silverman, Robert"]
[Black "Disque, Philip"]
[Result "1-0"]
[WhiteElo "1888"]
[BlackElo "1603"]

1. c4 c5 2. Nf3 g6 3. d4 cxd4 4. Nxd4 Nc6 5. Nc2 Bg7 6. e4 Nf6 7. Nc3 d6 
8. Be2 O-O 9. O-O Nd7 10. Be3 Bxc3 11. bxc3 Nc5 12. Nb4 Bd7 13. Nxc6 Bxc6 
14. e5 Qc7 15. exd6 Qxd6 16. Qd4 Ne6 17. Qxd6 exd6 18. Rad1 Rfd8 19. Rd2 
Kf8 20. Rfd1 Ke7 21. h4 b6 22. Re1 Re8 23. h5 Rad8 24. Bg4 Kf6 25. Bd4+ 
Kg5 26. Bxe6 fxe6 27. hxg6 hxg6 28. f3 e5 29. Be3+ Kh4 30. Kf2 Bxf3 31. 
gxf3 1-0

[Event "2015  Server Team - Div 3, S53999"]
[Site "CCLA"]
[Date "2015.10.30"]
[Round "?"]
[White "Vaughan, James"]
[Black "Kircher, Caleb"]
[Result "1-0"]
[WhiteElo "2259"]
[BlackElo "1926"]
[Board "1"]
[WhiteTeam "Knights of the Square Table"]
[BlackTeam "Idaho Mountaineers"]

1. c4 g6 2. d4 Bg7 3. e4 c5 4. Nf3 cxd4 5. Nxd4 Nc6 6. Be3 Qb6 7. Nb3 Qc7 
8. Qd2 Nf6 9. Nc3 d6 10. Be2 O-O 11. O-O a6 12. Nd5 Qd8 13. Bb6 Qd7 14. f3
e6 15. Nc3 Ne8 16. Rad1 f5 17. c5 Ne5 18. f4 Nf7 19. exf5 gxf5 20. cxd6 
Qc6 21. Bc5 Bd7 22. Rf3 Kh8 23. Rg3 e5 24. fxe5 Nxe5 25. Qf4 1-0

[Event "Summer Series, S50341"]
[Site "CCLA"]
[Date "2015.07.25"]
[Round "?"]
[White "Bearce, Harold L."]
[Black "Brown, David P."]
[Result "0-1"]
[WhiteElo "1111"]
[BlackElo "1362"]

1. e4 c5 2. Nf3 e6 3. Bb5 a6 4. Be2 Nc6 5. d4 cxd4 6. Nxd4 Nf6 7. Nc3 g6 
8. Be3 Bg7 9. Qd2 d5 10. exd5 exd5 11. O-O-O O-O 12. Nxc6 bxc6 13. Bh6 Bb7
14. Bxg7 Kxg7 15. Bf3 Rb8 16. h4 h5 17. g3 Qa5 18. Be2 Rfd8 19. Bd3 c5 20.
 Rhe1 d4 21. Ne4 Qxa2 22. c3 c4 23. Bb1 Qa1 24. Qf4 Bxe4 25. Rxe4 Qxb2# 
0-1

[Event "2015 Server Team Ch - Div 1, S51999"]
[Site "CCLA"]
[Date "2015.10.30"]
[Round "?"]
[White "Caliguire, John J."]
[Black "Farkas, Lajos"]
[Result "1/2-1/2"]
[WhiteElo "2092"]
[BlackElo "2102"]
[Board "3"]
[WhiteTeam "Pennsylvania Keystones"]
[BlackTeam "SchemingMind B"]

1. e4 c5 2. Nf3 e6 3. g3 d5 4. exd5 exd5 5. d4 Nf6 6. Bg2 Be7 7. O-O O-O 
8. Nc3 Nc6 9. dxc5 Bxc5 10. a3 h6 11. b4 Bb6 12. Na4 Bc7 13. Bb2 Re8 14. 
Re1 Rxe1+ 15. Qxe1 Qd6 16. Nd4 Nxd4 17. Bxd4 Bg4 18. Qc3 a5 19. Nc5 b6 20.
 Nd3 Rc8 21. Bxf6 Qxf6 22. Qxf6 gxf6 23. Bxd5 Bf5 24. Rb1 Bd6 25. bxa5 
bxa5 26. Rb7 Bg6 27. Rd7 Bxa3 28. Nf4 Kf8 29. Nxg6+ fxg6 30. Rf7+ Ke8 31. 
Rxf6 Rxc2 32. Rxg6 Bc5 33. Rxh6 Rxf2 34. Rc6 Bd4 1/2-1/2

[Event "Summer Series, S50321"]
[Site "CCLA"]
[Date "2015.07.25"]
[Round "?"]
[White "Perry, William E."]
[Black "Graupera, Carlos"]
[Result "1/2-1/2"]
[WhiteElo "1440"]
[BlackElo "1466"]

1. e4 e6 2. d3 c5 3. Nf3 Nc6 4. c3 Qc7 5. g3 d5 6. Bg2 Nf6 7. O-O dxe4 8. 
dxe4 Nxe4 9. Bf4 Qb6 10. Qe2 Nf6 11. Na3 Nd5 12. Nc4 Qd8 13. Rad1 Be7 14. 
Nfe5 Nxe5 15. Qxe5 Bf6 16. Nd6+ Kf8 17. Qh5 Qe7 18. Bxd5 exd5 19. Rfe1 Be6
20. Rxd5 g6 21. Qd1 Qd7 22. Rxc5 Rd8 23. Qf3 b6 24. Rc6 Bg4 25. Qd5 Be6 
26. Qf3 Bg4 27. Qd5 Be6 28. Qf3 1/2-1/2

[Event "Summer Series, S50321"]
[Site "CCLA"]
[Date "2015.07.25"]
[Round "?"]
[White "Perry, William E."]
[Black "Wright, John"]
[Result "0-1"]
[WhiteElo "1440"]
[BlackElo "1642"]

1. e4 e6 2. d3 c5 3. Nf3 Nc6 4. c3 d5 5. Nbd2 g6 6. g3 Bg7 7. Bg2 Nge7 8. 
O-O b6 9. Re1 h6 10. Nf1 O-O 11. e5 g5 12. Bxg5 hxg5 13. Nxg5 Bh6 14. Qg4 
Ng6 15. h4 Ncxe5 16. Qh5 Bxg5 17. hxg5 Nxd3 18. Re3 Nde5 19. b3 Kg7 20. 
Nd2 Rh8 21. Qe2 Nc6 22. f4 Nce7 23. Bf3 Nf5 0-1

[Event "2015 Server Team Ch - Div 1, S51999"]
[Site "CCLA"]
[Date "2015.10.30"]
[Round "?"]
[White "Rivas Maceda, Juan"]
[Black "Anderson, Aaron J."]
[Result "1-0"]
[WhiteElo "2376"]
[BlackElo "2174"]
[Board "2"]
[WhiteTeam "SchemingMind A"]
[BlackTeam "Gustafson Winners"]

1. e4 c5 2. Nf3 e6 3. Nc3 a6 4. Be2 b5 5. d4 cxd4 6. Qxd4 Nc6 7. Qe3 Bb7 
8. O-O Qc7 9. Rd1 d6 10. Rb1 Rc8 11. b4 Ne5 12. Bb2 Nf6 13. a4 Neg4 14. 
Qd3 bxa4 15. b5 a5 16. b6 Qc5 17. Qb5+ Nd7 18. Qxc5 Nxc5 19. Bb5+ Bc6 20. 
Ba3 Nb7 21. Ba6 Ne5 22. Nd4 Ra8 23. Nxc6 Rxa6 24. Nxe5 dxe5 25. Bxf8 Rxf8 
26. Nb5 Ke7 27. Nc7 Raa8 28. Nxa8 Rxa8 29. Rd3 Rc8 30. Rbd1 Ke8 31. Rd7 
Rb8 32. Rc7 a3 33. c4 Nd6 34. f4 exf4 35. e5 Nb7 36. Ra1 g5 37. Rxa3 h5 
38. Kf2 g4 39. Ra4 h4 40. c5 g3+ 41. hxg3 fxg3+ 42. Ke3 h3 43. Rh4 Kf8 44.
 Rxh3 1-0

[Event "Premier Quad, S50439"]
[Site "CCLA"]
[Date "2015.11.11"]
[Round "?"]
[White "Stevens, Daniel L."]
[Black "Silverman, Robert"]
[Result "0-1"]
[WhiteElo "1779"]
[BlackElo "1905"]

1. e4 c5 2. d4 e6 3. Nf3 Nf6 4. e5 Nd5 5. c4 Nc7 6. Bd3 cxd4 7. O-O Nc6 8.
 Nbd2 d6 9. Ne4 dxe5 10. Neg5 f5 11. Bxf5 exf5 12. Nxe5 Nxe5 13. Re1 Be7 
14. Rxe5 O-O 15. Qh5 h6 16. Nh3 Bf6 17. Re1 d3 18. Bd2 Qd4 19. Nf4 Qxb2 
20. Rad1 Qxa2 21. Ng6 Rf7 22. Bxh6 gxh6 23. Qxh6 Qc2 24. Rd2 Qxc4 25. Red1
Bg7 26. Qg5 Ne6 27. Ne7+ Kf8 28. Ng6+ Ke8 29. Qh5 Qg4 30. Qh7 Qg5 31. Rxd3
Bf8 32. Qg8 Rg7 0-1